Ալեքսանդր Մյասնիկյան : 1886-1925 : (Record no. 93385)
[ view plain ]
| 000 -LEADER | |
|---|---|
| fixed length control field | 01029nam a2200205 u 4500 |
| 001 - CONTROL NUMBER | |
| control field | 000258800 |
| 003 - CONTROL NUMBER IDENTIFIER | |
| control field | AM-YeHGA |
| 005 - DATE AND TIME OF LATEST TRANSACTION | |
| control field | 20250618071732.0 |
| 008 - FIXED-LENGTH DATA ELEMENTS--GENERAL INFORMATION | |
| fixed length control field | 030905s1956 ai r 000 0 arm d |
| 040 ## - CATALOGING SOURCE | |
| Original cataloging agency | AM-YeHGA |
| 041 0# - LANGUAGE CODE | |
| Language code of text/sound track or separate title | arm |
| 090 ## - LOCALLY ASSIGNED LC-TYPE CALL NUMBER (OCLC); LOCAL CALL NUMBER (RLIN) | |
| -- | 94685 |
| 245 00 - TITLE STATEMENT | |
| Title | Ալեքսանդր Մյասնիկյան : 1886-1925 : |
| Remainder of title | Բիբլիոգրաֆիա / |
| Statement of responsibility, etc. | Խմբ. և առաջաբ.՝ Արտ. Ոսկերչյան; ՀՍՍՌ Ալ. Մյասնիկյանի անվ. պետ. ռեսպուբլիկ. գ-րան. Տեղեկատու-բիբլիոգրաֆ. բաժին. |
| 260 ## - PUBLICATION, DISTRIBUTION, ETC. | |
| Place of publication, distribution, etc. | Երևան : |
| Name of publisher, distributor, etc. | Ա. հ., |
| Date of publication, distribution, etc. | 1956. |
| 300 ## - PHYSICAL DESCRIPTION | |
| Extent | 149 էջ : |
| Other physical details | դիմանկ. ; |
| Dimensions | 20 սմ. |
| 650 14 - SUBJECT ADDED ENTRY--TOPICAL TERM | |
| Topical term or geographic name entry element | Կենսամատենագիտություն |
| 9 (RLIN) | 5656 |
| 700 1# - ADDED ENTRY--PERSONAL NAME | |
| Personal name | Ոսկերչյան, Արտաշես Կարապետի, |
| Relationship information | 1908-1993 |
| Relator term | խմբ. |
| Relationship | edt |
| Relator term | առաջաբ. |
| Relationship | aui |
| 9 (RLIN) | 1385 |
| 710 2# - ADDED ENTRY--CORPORATE NAME | |
| Corporate name or jurisdiction name as entry element | Պետական ռեսպուբլիկական գրադարան Ալ. Մյասնիկյանի անվան |
| Subordinate unit | Տեղեկատու-բիբլիոգրաֆիական բաժին |
| 942 ## - ADDED ENTRY ELEMENTS (KOHA) | |
| Source of classification or shelving scheme | Universal Decimal Classification |
| Koha item type | Գրքեր / Books |
| Withdrawn status | Lost status | Damaged status | Not for loan | Collection | Home library | Current library | Date acquired | Total checkouts | Full call number | Barcode | Date last seen | Price effective from | Koha item type | Public note | Cost, replacement price |
|---|---|---|---|---|---|---|---|---|---|---|---|---|---|---|---|
| General | Fundamental Scientific Library | Fundamental Scientific Library | 22/12/2016 | AII/4718 | FL0023984 | 22/12/2016 | 22/12/2016 | Գրքեր / Books | 30 Days Loan | ||||||
| General | Fundamental Scientific Library | Fundamental Scientific Library | 22/12/2016 | AII/4719 | FL0023985 | 22/12/2016 | 22/12/2016 | Գրքեր / Books | 30 Days Loan | 11.00 | |||||
| General | Fundamental Scientific Library | Fundamental Scientific Library | 22/12/2016 | AII/8752 | FL0017997 | 22/12/2016 | 22/12/2016 | Գրքեր / Books | 30 Days Loan | 45.00 | |||||
| General | Fundamental Scientific Library | Fundamental Scientific Library | 22/12/2016 | AII/8753 | FL0017998 | 22/12/2016 | 22/12/2016 | Գրքեր / Books | 30 Days Loan | 45.00 |
ՀՀ Գիտությունների ազգային ակադեմիայի հիմնարար գիտական գրադարան = Fundamental Scientific Library of NAS RA
All site content, except where otherwise noted, is licensed under a